| 000 | 00649nam a2200217 a 4500 | ||
|---|---|---|---|
| 001 | 82572 | ||
| 003 | BD-RjUL | ||
| 005 | 20231228143947.0 | ||
| 008 | 231228s2023 bg ||||| |||| 00| 0 ben d | ||
| 020 | _a9789849449232 | ||
| 035 | _a(BD-RjUL)82572 | ||
| 040 |
_aBD-RjUL _beng _cBD-RjUL |
||
| 041 | _aben | ||
| 082 |
_223 _a891.443 _bALB 2023 |
||
| 100 |
_aআলী, মোঃ নওসাদ _910777 |
||
| 245 |
_aবজ্রপুত্র / _cমোঃ নওসাদ আলী |
||
| 300 |
_a২৭১ পৃ.; _c২২ সেমি. |
||
| 650 | _aবাংলা উপন্যাস | ||
| 650 | _aBengali novel | ||
| 942 |
_2ddc _cBK |
||
| 999 |
_c82572 _d82572 |
||